000 00918nam a22003257b 4500
001 0002130
003 DO-SdBNP
005 20171122114206.0
007 0002130
008 060921s2006 sp | ||| ||spa
016 7 _a
_2BPMSU
017 _a
_b
020 _a9587044681
035 _a
040 _aBPMSU
_bspa
_cBPMSU
_e
080 0 _a
082 4 _aM863.4
_bF954t
100 1 _aFuentes, Carlos
_d1928-2012
245 1 0 _aTodas las familias felices /
_h
_cCarlos Fuentes
260 0 _aBogotá :
_bAlfaguara,
_c2006
300 _a421 p.;
_c24 cm
500 _aIncluye datos biográficos del autor en la solapa de la cubierta
650 4 _aCUENTOS MEXICANOS
650 4 _aLITERATURA MEXICANA
830 _aBiblioteca Alfaguara
910 _aValidado. Control de calidad MFF
942 _2ddc
_cBK
945 _aInventariado extranjero / 2017 VM
956 _aVMATEO
_b20160716
_cBPMSU
_d0069
999 _c10722
_d10722